[Event "Stare Mesto op"]
[Site "Stare Mesto"]
[Date "2008.08.10"]
[Round "3"]
[White "Zvarik, Martin"]
[Black "Padysak, Tomas"]
[Result "1-0"]
[WhiteElo "2137"]
[BlackElo "1934"]
[PlyCount "107"]
[EventDate "2008.08.08"]
[EventType "swiss"]
[EventRounds "10"]
[EventCountry "CZE"]
[SourceTitle "CBM 125 Extra"]
[Source "ChessBase"]
[SourceDate "2008.09.01"]
[SourceVersion "1"]
[SourceVersionDate "2008.09.01"]
[SourceQuality "1"]

1. e4 e5 2. Nf3 Nc6 3. Bb5 a6 4. Ba4 Nf6 5. 0-0 b5 6. Bb3 Be7 7. Re1 0-0 8. h3 d6 9. c3 Na5 10. Bc2 c5 11. d4 Qc7 12. Nbd2 cxd4 13. cxd4 Nc6 14. Nf1 Bd7 15. d5 Nb4 16. Bb1 a5 17. Bg5 Rfc8 18. Ne3 Bd8 19. Nh4 h6 20. Bxf6 Bxf6 21. Nhf5 Bxf5 22. Nxf5 Kh7 23. a3 Na6 24. Bd3 g6 25. Ne3 Qb6 26. Qe2 Nc5 27. Bxb5 Nb3 28. Bc6 Nxa1 29. Bxa8 Rxa8 30. Rxa1 Rc8 31. Nc4 Qa6 32. Rc1 a4 33. Rc2 Bd8 34. Nxd6 Qxe2 35. Rxe2 Rc1+ 36. Kh2 Kg7 37. g3 Bb6 38. Kg2 Kf8 39. Nb5 Ba5 40. Re3 Rb1 41. Nc3 Bxc3 42. Rxc3 Rxb2 43. Rc4 Ra2 44. Rxa4 Ke7 45. Ra7+ Ke8 46. g4 f6 47. a4 Kd8 48. Kg3 Ra1 49. a5 Kc8 50. Rf7 Rxa5 51. Rxf6 h5 52. gxh5 gxh5 53. Rf5 Ra3+ 54. f3 1-0

[Event "Piestany Pressburg op"]
[Site "Piestany"]
[Date "2007.11.17"]
[Round "5"]
[White "Padysak, Tomas"]
[Black "Drabek, Miloslav"]
[Result "1/2-1/2"]
[WhiteElo "2045"]
[BlackElo "2075"]
[PlyCount "72"]
[EventDate "2007.11.14"]
[EventType "swiss"]
[EventRounds "7"]
[EventCountry "SVK"]
[SourceTitle "CBM 121 Extra"]
[Source "ChessBase"]
[SourceDate "2008.01.10"]
[SourceVersion "1"]
[SourceVersionDate "2008.01.10"]
[SourceQuality "1"]

1. e4 d6 2. d4 Nf6 3. Nc3 g6 4. Be3 c6 5. f3 Nbd7 6. Qd2 b5 7. 0-0-0 Qc7 8. Bh6 Bxh6 9. Qxh6 Nb6 10. g4 b4 11. Nce2 Ba6 12. Kb1 Rb8 13. Nc1 Bxf1 14. Rxf1 Nc4 15. Nb3 Qb6 16. Ne2 Qb5 17. Ng3 a5 18. Nd2 a4 19. Nxc4 Qxc4 20. Qd2 Nd7 21. h4 c5 22. d5 Qb5 23. h5 Rf8 24. hxg6 hxg6 25. f4 c4 26. Ka1 Qc5 27. Qf2 Qa5 28. Qd4 Qc5 29. Rd1 Rc8 30. Ne2 Nf6 31. g5 Qxd4 32. Rxd4 Nh5 33. Rdd1 Kd7 34. Rdf1 Rc5 35. Rf3 e6 36. f5 exf5 1/2-1/2

[Event "Piestany Pressburg op"]
[Site "Piestany"]
[Date "2007.11.17"]
[Round "6"]
[White "Svonavec, Stefan"]
[Black "Padysak, Tomas"]
[Result "0-1"]
[WhiteElo "2057"]
[BlackElo "2045"]
[PlyCount "108"]
[EventDate "2007.11.14"]
[EventType "swiss"]
[EventRounds "7"]
[EventCountry "SVK"]
[SourceTitle "CBM 121 Extra"]
[Source "ChessBase"]
[SourceDate "2008.01.10"]
[SourceVersion "1"]
[SourceVersionDate "2008.01.10"]
[SourceQuality "1"]

1. d4 Nf6 2. Nf3 g6 3. Bf4 Bg7 4. h3 0-0 5. Nbd2 d6 6. e4 Nbd7 7. e5 dxe5 8. Nxe5 Nxe5 9. Bxe5 Nd5 10. Bxg7 Kxg7 11. Bc4 Nf4 12. g3 Nh5 13. c3 Nf6 14. Qe2 b6 15. 0-0-0 Bb7 16. Rhe1 e6 17. g4 Qd6 18. h4 Nd5 19. Bxd5 Qxd5 20. Kb1 Rfd8 21. h5 Rac8 22. Qe3 gxh5 23. gxh5 Qxh5 24. f3 Kh8 25. Rh1 Qf5+ 26. Ka1 Rg8 27. Rh4 Rg7 28. Rdh1 Rcg8 29. a3 Re8 30. Rf4 Qg5 31. Nc4 f6 32. Re1 Bd5 33. Nd2 e5 34. c4 Bc6 35. Rg4 Qxe3 36. Rxe3 Rxg4 37. fxg4 exd4 38. Rd3 Rd8 39. Nb3 Ba4 40. Rxd4 Rxd4 41. Nxd4 Bd1 42. Ne6 c5 43. g5 Bg4 44. Nd8 Kg7 45. gxf6+ Kxf6 46. Nc6 h5 47. Nxa7 Bd7 48. b4 h4 49. bxc5 bxc5 50. Nb5 Bxb5 51. cxb5 h3 52. b6 h2 53. Kb2 Ke6 54. Kc3 Kd6 0-1

[Event "Piestany Pressburg op"]
[Site "Piestany"]
[Date "2007.11.14"]
[Round "1"]
[White "Padysak, Tomas"]
[Black "Kozak, Milos"]
[Result "1-0"]
[WhiteElo "2045"]
[BlackElo "2221"]
[PlyCount "55"]
[EventDate "2007.11.14"]
[EventType "swiss"]
[EventRounds "7"]
[EventCountry "SVK"]
[SourceTitle "CBM 121 Extra"]
[Source "ChessBase"]
[SourceDate "2008.01.10"]
[SourceVersion "1"]
[SourceVersionDate "2008.01.10"]
[SourceQuality "1"]

1. e4 c5 2. Nf3 e6 3. d4 cxd4 4. Nxd4 Nc6 5. Be2 Nf6 6. Nc3 Bb4 7. Qd3 d5 8. Nxc6 bxc6 9. exd5 Nxd5 10. Bd2 Be7 11. 0-0 0-0 12. Ne4 f5 13. Ng3 e5 14. c4 Nf4 15. Qc2 Nxe2+ 16. Nxe2 f4 17. Rad1 Bf5 18. Qa4 Qe8 19. Bc3 Qg6 20. Rd2 Bd3 21. Kh1 e4 22. Rfd1 Qe6 23. Nd4 Qxc4 24. Qxc4+ Bxc4 25. Nxc6 Bc5 26. Rd7 Bf7 27. R1d5 Bxf2 28. Rg5 1-0

[Event "SVK-ch U14"]
[Site "Liptovsky Mikulas"]
[Date "2007.04.26"]
[Round "7"]
[White "Padysak, Tomas"]
[Black "Cajka, Tibor"]
[Result "1-0"]
[WhiteElo "1863"]
[BlackElo "1768"]
[PlyCount "123"]
[EventDate "2007.04.22"]
[EventType "swiss"]
[EventRounds "9"]
[EventCountry "SVK"]
[SourceTitle "EXT 2008"]
[Source "ChessBase"]
[SourceDate "2007.11.25"]
[SourceVersion "1"]
[SourceVersionDate "2007.11.25"]
[SourceQuality "1"]

1. e4 d5 2. exd5 Qxd5 3. Nc3 Qa5 4. d4 Nf6 5. Bc4 Bf5 6. Nf3 e6 7. Bd2 c6 8. h3 Qc7 9. Nh4 Bg6 10. Nxg6 hxg6 11. Bb3 Nbd7 12. Qe2 0-0-0 13. 0-0-0 Bb4 14. Qf3 Nb6 15. Bg5 Be7 16. Rhe1 Rhe8 17. Ne2 Nfd5 18. Bxe7 Rxe7 19. c4 Nf6 20. Kb1 Red7 21. Qe3 c5 22. dxc5 Rxd1+ 23. Rxd1 Rxd1+ 24. Bxd1 Nxc4 25. Qd4 Ne5 26. Nc3 Nc6 27. Qe3 Qe5 28. Qxe5 Nxe5 29. Be2 a6 30. b4 Nc6 31. a3 Kc7 32. Kc1 Nd4 33. Bc4 Kc6 34. Kd2 Nd5 35. Bxd5+ exd5 36. Kd3 Ne6 37. Ne2 Kd7 38. g3 a5 39. Nd4 axb4 40. axb4 Ng5 41. h4 Ne4 42. Ke3 Kc7 43. Nf3 f6 44. Nd4 Kd7 45. g4 Nc3 46. Kd3 Nd1 47. f3 Nb2+ 48. Kc2 Nc4 49. Kc3 Ne3 50. h5 gxh5 51. gxh5 Nf1 52. Nf5 Nh2 53. Nxg7 Nxf3 54. h6 Ng5 55. b5 Ke7 56. Kd4 b6 57. cxb6 Kd7 58. Kxd5 Kc8 59. Kc6 Kb8 60. Nf5 Nf7 61. h7 Ka8 62. Kc7 1-0

[Event "SVK-ch U14"]
[Site "Liptovsky Mikulas"]
[Date "2007.04.24"]
[Round "4"]
[White "Padysak, Tomas"]
[Black "Kovac, Andrej"]
[Result "1/2-1/2"]
[WhiteElo "1863"]
[BlackElo "1811"]
[PlyCount "68"]
[EventDate "2007.04.22"]
[EventType "swiss"]
[EventRounds "9"]
[EventCountry "SVK"]
[SourceTitle "EXT 2008"]
[Source "ChessBase"]
[SourceDate "2007.11.25"]
[SourceVersion "1"]
[SourceVersionDate "2007.11.25"]
[SourceQuality "1"]

1. e4 e5 2. f4 exf4 3. Nf3 g5 4. h4 g4 5. Ne5 d6 6. Nxg4 Nf6 7. Nxf6+ Qxf6 8. Be2 Qg6 9. Bf3 Qg3+ 10. Kf1 Nc6 11. Qe1 Rg8 12. Qxg3 Rxg3 13. d3 Bh6 14. Nc3 Nd4 15. Ne2 Nxe2 16. Kxe2 Bg4 17. Kf2 Ke7 18. Bd2 Rg8 19. Rag1 Ke6 20. Bc3 f6 21. Bd4 b5 22. Ke2 c5 23. Bf2 Bxf3+ 24. gxf3 Rxg1 25. Rxg1 Rxg1 26. Bxg1 f5 27. b4 Bf8 28. bxc5 dxc5 29. d4 cxd4 30. Kd3 a6 31. Kxd4 Be7 32. Bf2 Bf8 33. Bg1 h5 34. Bf2 Be7 1/2-1/2

[Event "SVK-ch U14"]
[Site "Liptovsky Mikulas"]
[Date "2007.04.24"]
[Round "5"]
[White "Straka, Jozef1111"]
[Black "Padysak, Tomas"]
[Result "1-0"]
[WhiteElo "1903"]
[BlackElo "1863"]
[PlyCount "89"]
[EventDate "2007.04.22"]
[EventType "swiss"]
[EventRounds "9"]
[EventCountry "SVK"]
[SourceTitle "EXT 2008"]
[Source "ChessBase"]
[SourceDate "2007.11.25"]
[SourceVersion "1"]
[SourceVersionDate "2007.11.25"]
[SourceQuality "1"]

1. d4 Nf6 2. c4 g6 3. Nc3 d5 4. Bg5 Ne4 5. Bh4 Nxc3 6. bxc3 Bg7 7. e3 Nc6 8. Nf3 0-0 9. Be2 h6 10. 0-0 Be6 11. Rb1 b6 12. cxd5 Bxd5 13. Qc2 Na5 14. c4 Bb7 15. Rfd1 Qd7 16. Bg3 Rac8 17. Ne5 Qd8 18. d5 Ba6 19. Nc6 Qd7 20. Nxa7 Ra8 21. Nb5 Rfc8 22. Nd4 Nb7 23. Bf3 Nd6 24. c5 bxc5 25. Qxc5 Qa4 26. Nc6 Bf6 27. a3 Qc4 28. Qb4 Qxb4 29. Rxb4 Nf5 30. Bf4 Kg7 31. e4 Nh4 32. Bg4 Re8 33. Bxc7 h5 34. Bd7 Rh8 35. e5 Bg5 36. f4 Bh6 37. Nxe7 Be2 38. Re1 Bf3 39. gxf3 Nxf3+ 40. Kf2 Nxe1 41. Kxe1 Rxa3 42. Bc6 Ra2 43. d6 Rxh2 44. d7 Rh4 45. Rb8 1-0

[Event "Frydek Mistek BSS Cup"]
[Site "Frydek Mistek"]
[Date "2007.02.23"]
[Round "6"]
[White "Padysak, Tomas"]
[Black "Mazur, Stefan"]
[Result "0-1"]
[WhiteElo "1863"]
[BlackElo "2017"]
[PlyCount "74"]
[EventDate "2007.02.19"]
[EventType "swiss"]
[EventRounds "7"]
[EventCountry "CZE"]
[SourceTitle "EXT 2008"]
[Source "ChessBase"]
[SourceDate "2007.11.25"]
[SourceVersion "1"]
[SourceVersionDate "2007.11.25"]
[SourceQuality "1"]

1. e4 e5 2. f4 exf4 3. Nf3 g5 4. h4 g4 5. Ne5 d6 6. Nxg4 Nf6 7. Nxf6+ Qxf6 8. Nc3 Nc6 9. Nd5 Qg6 10. Qf3 Nd4 11. Qd3 Nxc2+ 12. Kd1 Nxa1 13. Nxc7+ Kd8 14. Nxa8 Bg4+ 15. Be2 Qh5 16. Bxg4 Qxg4+ 17. Qf3 Qxf3+ 18. gxf3 Kd7 19. d3 Bh6 20. Bd2 Rxa8 21. Rg1 Rc8 22. Bc3 b5 23. Rg2 a5 24. Bxa5 Ra8 25. b4 Rc8 26. Bb6 Rc3 27. Rd2 Bg7 28. Ba5 Bd4 29. Rg2 Rxd3+ 30. Rd2 Rxd2+ 31. Kxd2 h5 32. Kc1 Bf2 33. Kb1 Bxh4 34. Kxa1 Bf2 35. a4 h4 36. axb5 h3 37. b6 h2 0-1

[Event "SVK-ch U14"]
[Site "Liptovsky Mikulas"]
[Date "2005.04.15"]
[Round "8"]
[White "Straka, Jozef1111"]
[Black "Padysak, Tomas"]
[Result "1/2-1/2"]
[WhiteElo "1766"]
[BlackElo "1626"]
[PlyCount "128"]
[EventDate "2005.04.11"]
[EventType "swiss"]
[EventRounds "9"]
[EventCountry "SVK"]
[SourceTitle "EXT 2008"]
[Source "ChessBase"]
[SourceDate "2007.11.25"]
[SourceVersion "1"]
[SourceVersionDate "2007.11.25"]
[SourceQuality "1"]

1. d4 Nf6 2. c4 g6 3. Nc3 d5 4. Bf4 c6 5. cxd5 cxd5 6. e3 Bg7 7. Nb5 Qa5+ 8. Qd2 Qxd2+ 9. Kxd2 Na6 10. Bd3 0-0 11. Nc7 Nxc7 12. Bxc7 Bd7 13. Nf3 Rac8 14. Rac1 Bc6 15. Bg3 Nd7 16. Rc2 Nb6 17. Rhc1 Ba4 18. b3 Rxc2+ 19. Rxc2 Bc6 20. Ne5 Bxe5 21. Bxe5 Rc8 22. f3 f6 23. Bg3 Kf7 24. e4 h5 25. Ke3 g5 26. h4 Kg7 27. a4 e6 28. e5 gxh4 29. exf6+ Kxf6 30. Bxh4+ Kg7 31. f4 Bd7 32. Rxc8 Nxc8 33. Be2 Be8 34. g4 hxg4 35. Bxg4 Bd7 36. Be2 Nd6 37. Bd3 Nf5+ 38. Bxf5 exf5 39. Kd3 Kf7 40. Kc3 Bc6 41. Kb4 Ke6 42. Ka5 Kd6 43. b4 Bd7 44. b5 Bc8 45. Bf6 Ke6 46. Be5 Ke7 47. Bb8 a6 48. Kb6 axb5 49. Kxb5 Bd7+ 50. Kb4 Ke6 51. a5 Bc6 52. Kc5 Kd7 53. Kb6 Kc8 54. Bd6 Be8 55. Be5 Bf7 56. Bd6 Bg8 57. Bc5 Bf7 58. a6 bxa6 59. Kc6 Kd8 60. Kd6 a5 61. Ke5 Kd7 62. Kxf5 Ke8 63. Ke5 Bg8 64. f5 Bf7 1/2-1/2

[Event "SVK-ch U14"]
[Site "Liptovsky Mikulas"]
[Date "2005.04.12"]
[Round "3"]
[White "Padysak, Tomas"]
[Black "Ujhelyi, Matus"]
[Result "1-0"]
[WhiteElo "1626"]
[BlackElo "1350"]
[PlyCount "65"]
[EventDate "2005.04.11"]
[EventType "swiss"]
[EventRounds "9"]
[EventCountry "SVK"]
[SourceTitle "EXT 2008"]
[Source "ChessBase"]
[SourceDate "2007.11.25"]
[SourceVersion "1"]
[SourceVersionDate "2007.11.25"]
[SourceQuality "1"]

1. e4 e6 2. d3 d5 3. Nd2 Nc6 4. g3 g6 5. Bg2 dxe4 6. Nxe4 Bg7 7. Ne2 Nf6 8. 0-0 0-0 9. Nxf6+ Qxf6 10. Bxc6 bxc6 11. Nc3 e5 12. Ne4 Qd8 13. Qf3 f6 14. Be3 f5 15. Nc3 Qf6 16. Rab1 f4 17. Bc5 Rf7 18. Kh1 g5 19. g4 Qh6 20. Ne4 Qh4 21. Rg1 Bf6 22. Bb4 Bd8 23. Bc3 Bf6 24. Nxf6+ Rxf6 25. Bxe5 Rh6 26. Rg2 Re6 27. Bxc7 Re7 28. Qxc6 Bxg4 29. Qxa8+ Kf7 30. Qd5+ Ke8 31. Qg8+ Kd7 32. Qd8+ Ke6 33. Re1+ 1-0